Solar Cells : Types and Applications /

Contiene: 1) Introducción a las celdas solares; 2) Celdas solares de silicio; 3) Celdas solares basadas en CIGS; 4) Celdas solares orgánicas; 5) Celdas solares perovskita; 6) Celdas solares híbridas orgánicas-inorgánicas; 7) Parámetros de modelización de celdas solares; 8) Técnicas de caracterizació...

Повний опис

Збережено в:
Бібліографічні деталі
Автор: Arya, Sandeep (autor)
Інші автори: Mahajan, Prerna (autor) (autor)
Формат: Книга
Мова:Англійська
Опубліковано: Singapur : Springer, 2023, c2023
Предмети:
Онлайн доступ:Ver documento en línea
Теги: Додати тег
Немає тегів, Будьте першим, хто поставить тег для цього запису!

MARC

LEADER 00000nam^a2200000^a^4500
001 000630802
005 20260416000000.0
009 20260416115638.2
020 |a 978-981-99-7333-0 
037 |a Acervo ITESO - Biblioteca 
041 |a ING 
082 |a 621. 31244  |b ARY 
100 |a Arya, Sandeep  |e (autor) 
245 1 0 |a Solar Cells :  |b Types and Applications /  |c S. Arya, P. Mahajan. 
264 4 |a Singapur :  |b Springer,  |c 2023, c2023 
264 2 |a Cham, Suiza :  |b Springer Link [distribución],  |c 2026, c2026 
300 |a 1 libro electrónico en línea (XVIII, 256 p.) 
300 |a 1 recurso en línea 
336 |a datos para computadora  |b cod  |2 rdacontenido 
337 |a computadora  |b c  |2 rdamedio 
338 |a recurso en línea  |b cr  |2 rdasoporte 
506 0 |a Licencias ilimitadas 
520 |a Contiene: 1) Introducción a las celdas solares; 2) Celdas solares de silicio; 3) Celdas solares basadas en CIGS; 4) Celdas solares orgánicas; 5) Celdas solares perovskita; 6) Celdas solares híbridas orgánicas-inorgánicas; 7) Parámetros de modelización de celdas solares; 8) Técnicas de caracterización; 9) El futuro de la tecnología de las celdas solares. 
521 |a 2025 BO Licenciatura en Ingeniería en Nanotecnología 
649 |a XX 
650 |a Célula Solar Fotovoltaica -  |x Tema Principal 
650 |a Paneles Solares 
650 |a Energía Solar -  |x Equipo y Aparatos 
650 |a Energía Solar 
700 |a Mahajan, Prerna  |e (autor) 
856 4 0 |u https://link-springer-com.ezproxy.iteso.mx/10.1007/978-981-99-7333-0  |y Ver documento en línea 
910 |a Fondo General 
920 |a Electrónicos - Libros en Línea 
930 |a Plataforma Digital 
905 |a 205 
902 |a https://opac.biblio.iteso.mx/vufind/Record/000630802